[Event "7th EUR-ch"]
[Site "Kusadasi TUR"]
[Date "2006.04.12"]
[Round "8.15"]
[White "Macieja, Bartlomiej"]
[Black "Shanava, Konstantine"]
[Result "1/2-1/2"]
[WhiteElo "2584"]
[BlackElo "2484"]
[EventDate "2006.04.04"]
[PlyCount "143"]

1.e4 c5 2.Nf3 d6 3.d4 cxd4 4.Qxd4 a6 5.c4 Nc6 6.Qe3 g6 7.Be2 Bg7 8.O-O Nf6
9.h3 O-O 10.Nc3 Be6 11.Bd2 Rc8 12.Rab1 Nd7 13.Ng5 Nd4 14.Nxe6 fxe6 15.Rfc1
Rf7 16.b4 Qc7 17.Nd1 Ne5 18.c5 d5 19.Kh1 Nec6 20.Nc3 Nxe2 21.Qxe2 d4 22.
Nd1 Rcf8 23.Rb3 Ne5 24.Rg3 Nd7 25.Be1 Rf4 26.Rg4 Nf6 27.f3 Nxe4 28.Nb2 
Rxg4 29.hxg4 Ng5 30.Bd2 Nf7 31.Qxe6 Kh8 32.Nd3 Nd8 33.Qe4 e5 34.Be1 Ne6 
35.Bg3 Ng5 36.Qd5 Rd8 37.Bxe5 Qe7 38.Bxg7+ Kxg7 39.Qc4 h5 40.Re1 Qf6 41.f4
Nf7 42.g5 Qf5 43.Re7 Rd7 44.Re1 Rd8 45.Re6 Rd5 46.Re8 h4 47.Qc2 Rd8 48.Re7
Rd7 49.Re1 Rd8 50.Qe2 h3 51.g3 Qd5+ 52.Qe4 Qxa2 53.Qxb7 Rd5 54.Rg1 Qb3 55.
Ne5 Rxe5 56.fxe5 d3 57.Qd7 Qc4 58.Kh2 Qe4 59.Kxh3 Qe2 60.Qg4 Qxe5 61.Qf4 
Nxg5+ 62.Kg2 Qd5+ 63.Kf1 Nh3 64.Qe3 Nxg1 65.Kxg1 d2 66.Qe7+ Kg8 67.Qe8+ 
Kg7 68.Qe7+ Kh6 69.Qh4+ Kg7 70.Qe7+ Kh6 71.Qh4+ Kg7 72.Qe7+ 1/2-1/2

[Event "7th EUR-ch"]
[Site "Kusadasi TUR"]
[Date "2006.04.12"]
[Round "8.16"]
[White "Hulak, Krunoslav"]
[Black "Nevednichy, Vladislav"]
[Result "0-1"]
[WhiteElo "2541"]
[BlackElo "2582"]
[EventDate "2006.04.04"]
[PlyCount "92"]

1.d4 g6 2.Nf3 Bg7 3.c4 Nf6 4.g3 O-O 5.Bg2 d6 6.O-O Nc6 7.Nc3 Rb8 8.d5 Na5 
9.Nd2 c5 10.Rb1 a6 11.b3 b5 12.Qc2 Bf5 13.e4 Bd7 14.h3 e5 15.Ne2 Qe7 16.
Bb2 Nb7 17.f4 exf4 18.gxf4 Nh5 19.Bxg7 Nxg7 20.Nf3 f6 21.Ng3 Nd8 22.Rbe1 
Nf7 23.Qc3 Rbe8 24.Rf2 bxc4 25.bxc4 Qd8 26.Rfe2 a5 27.Qb2 a4 28.e5 fxe5 
29.fxe5 dxe5 30.Ne4 Bf5 31.Nxc5 Qc8 32.Qb4 Bxh3 33.Ne4 Nh5 34.c5 Kg7 35.
Neg5 Bxg2 36.Rxg2 Nf4 37.Ne6+ Nxe6 38.dxe6 Rxe6 39.Nd2 Qd7 40.Kh2 Rf6 41.
Re4 Rf5 42.Rh4 Ng5 43.Qxa4 Qc7 44.Qg4 e4+ 45.Kh1 Qxc5 46.Nxe4 Rf1+ 0-1

[Event "7th EUR-ch"]
[Site "Kusadasi TUR"]
[Date "2006.04.12"]
[Round "8.17"]
[White "Dgebuadze, Alexandre"]
[Black "Minasian, Artashes"]
[Result "0-1"]
[WhiteElo "2535"]
[BlackElo "2574"]
[EventDate "2006.04.04"]
[PlyCount "168"]

1.e4 c6 2.d4 d5 3.Nc3 dxe4 4.Nxe4 Bf5 5.Ng3 Bg6 6.h4 h6 7.Nf3 Nd7 8.h5 Bh7
9.Bd3 Bxd3 10.Qxd3 e6 11.Bf4 Qa5+ 12.Bd2 Qc7 13.O-O-O Ngf6 14.Ne4 O-O-O 
15.g3 Be7 16.Kb1 c5 17.Nc3 a6 18.Qe2 Bd6 19.dxc5 Nxc5 20.Rh4 Qe7 21.Nd4 
Bc7 22.b4 Nce4 23.Rxe4 Nxe4 24.Qxe4 Qxb4+ 25.Nb3 Qxe4 26.Nxe4 Rd5 27.Rh1 
b5 28.Bc3 Rg8 29.g4 Bb6 30.f3 f5 31.Ng3 fxg4 32.fxg4 Rg5 33.Ne4 Rxg4 34.
Nd6+ Kc7 35.Be5 Kc6 36.Rh3 g6 37.Nf7 gxh5 38.Rxh5 Rf8 39.Nxh6 Re4 40.a3 a5
41.Bc3 b4 42.axb4 axb4 43.Bd2 Rf1+ 44.Kb2 Bc7 45.Ng8 Be5+ 46.Ka2 Kd6 47.
Rh3 Rc4 48.Rd3+ Kc7 49.Na5 Rg4 50.c3 bxc3 51.Bxc3 Bxc3 52.Rxc3+ Kd7 53.
Rd3+ Ke8 54.Nb7 Rxg8 55.Rd8+ Kf7 56.Nd6+ Kg7 57.Rd7+ Kg6 58.Re7 Re1 59.Kb3
Rd8 60.Nc4 Re4 61.Rc7 Rd3+ 62.Kc2 Rh3 63.Kd2 Kf6 64.Rc8 Rd4+ 65.Kc2 Rg4 
66.Nb2 Rg2+ 67.Kb1 Rh1+ 68.Ka2 Rhh2 69.Ka1 Rc2 70.Rf8+ Ke7 71.Rg8 e5 72.
Rg7+ Kf6 73.Rg8 e4 74.Re8 Rhe2 75.Rf8+ Ke7 76.Rb8 Kd6 77.Rb3 Ke5 78.Rb8 
Rc5 79.Re8+ Kd4 80.Rd8+ Rd5 81.Re8 e3 82.Ra8 Rxb2 83.Ra4+ Kc3 84.Ra3+ Rb3 
0-1

[Event "7th EUR-ch"]
[Site "Kusadasi TUR"]
[Date "2006.04.12"]
[Round "8.19"]
[White "Guseinov, Gadir"]
[Black "Gagunashvili, Merab"]
[Result "1/2-1/2"]
[WhiteElo "2615"]
[BlackElo "2560"]
[EventDate "2006.04.04"]
[PlyCount "124"]

1.e4 c6 2.d4 d5 3.Nd2 dxe4 4.Nxe4 Bf5 5.Ng3 Bg6 6.h4 h6 7.Nf3 Nd7 8.h5 Bh7
9.Bd3 Bxd3 10.Qxd3 e6 11.Bd2 Ngf6 12.O-O-O Qc7 13.Qe2 c5 14.Kb1 Be7 15.Bc1
cxd4 16.Nf5 exf5 17.Rhe1 Ne4 18.Nxd4 Qe5 19.g4 O-O 20.Nxf5 Bb4 21.Rxd7 
Bxe1 22.Qxe1 Rfe8 23.f3 Qb5 24.Re7 Nf6 25.Nd6 Rxe7 26.Qxe7 Qd7 27.Qxd7 
Nxd7 28.Nxb7 Ne5 29.Bf4 Nxf3 30.c4 Re8 31.Nd6 Re2 32.b4 Nd4 33.b5 Rg2 34.
Be3 Rxg4 35.Kb2 Kf8 36.Kc3 Ke7 37.Nc8+ Kd7 38.Nxa7 Nf5 39.Bb6 g6 40.hxg6 
fxg6 41.c5 Ne7 42.Kb3 h5 43.c6+ Kd6 44.Bd8 Nd5 45.a3 Rg3+ 46.Kb2 Kc5 47.c7
Nb6 48.Be7+ Kc4 49.Bb4 Rg2+ 50.Kc1 Kd3 51.Ba5 Rc2+ 52.Kb1 Rxc7 53.Bxb6 Rb7
54.Bg1 h4 55.a4 h3 56.Nc6 Ke4 57.Kc2 Kf3 58.Bh2 g5 59.Ne5+ Kg2 60.Ng4 Kf3 
61.Ne5+ Kg2 62.Ng4 Kf3 1/2-1/2

[Event "7th EUR-ch"]
[Site "Kusadasi TUR"]
[Date "2006.04.12"]
[Round "8.20"]
[White "Kotronias, Vasilios"]
[Black "Erenburg, Sergey"]
[Result "1-0"]
[WhiteElo "2598"]
[BlackElo "2554"]
[EventDate "2006.04.04"]
[PlyCount "89"]

1.e4 e5 2.Nf3 Nc6 3.Bb5 a6 4.Ba4 Nf6 5.O-O b5 6.Bb3 Bc5 7.a4 Rb8 8.c3 O-O 
9.d4 Bb6 10.axb5 axb5 11.dxe5 Ng4 12.Bf4 Qe8 13.Nd4 Ngxe5 14.Nxb5 d6 15.
N1a3 Kh8 16.Nd4 Nxd4 17.cxd4 Ng6 18.Be3 Qxe4 19.Nc4 Be6 20.f3 Qb7 21.Ra3 
Ne7 22.Qd2 Ra8 23.Rxa8 Rxa8 24.Nxb6 Qxb6 25.Bxe6 fxe6 26.d5 Qb3 27.dxe6 
Qxe6 28.Re1 Qg6 29.Bf2 Qf7 30.b4 h6 31.b5 Ng6 32.Bd4 Kh7 33.Qd3 Qd5 34.h4 
h5 35.Re7 Rg8 36.Rxc7 Qe6 37.Kh2 Qe1 38.Qe4 Qxh4+ 39.Qxh4 Nxh4 40.Rxg7+ 
Rxg7 41.Bxg7 Nf5 42.b6 Ne7 43.b7 Nc6 44.Bf8 d5 45.Bd6 1-0

[Event "7th EUR-ch"]
[Site "Kusadasi TUR"]
[Date "2006.04.12"]
[Round "8.22"]
[White "Azarov, Sergei"]
[Black "Hillarp Persson, Tiger"]
[Result "1/2-1/2"]
[WhiteElo "2592"]
[BlackElo "2524"]
[EventDate "2006.04.04"]
[PlyCount "136"]

1.e4 g6 2.d4 Bg7 3.Nf3 d6 4.Be2 Nf6 5.Nc3 O-O 6.O-O e6 7.Bf4 Nc6 8.Re1 h6 
9.h3 Kh7 10.Qd2 a6 11.Rad1 Ne7 12.Bd3 b5 13.Bh2 Bb7 14.e5 Nd7 15.exd6 cxd6
16.Bxd6 Bxf3 17.gxf3 Nb6 18.Bc5 Kg8 19.d5 Rc8 20.Bxe7 Qxe7 21.dxe6 f5 22.
Bf1 Rc6 23.Nd5 Nxd5 24.Qxd5 Rxc2 25.Qd7 Bf6 26.Re2 Rc7 27.Qd5 Rd8 28.Qb3 
Rxd1 29.Qxd1 Qc5 30.f4 Kg7 31.Qd3 Be7 32.Rd2 Rc8 33.Qf3 Rc6 34.Qe2 Rd6 35.
Rc2 Qd4 36.Rc7 Kf8 37.Rc8+ Kg7 38.Rc7 Qf6 39.Bg2 Rxe6 40.Qd2 Rd6 41.Qe3 
Re6 42.Qd2 h5 43.Bd5 Rd6 44.Qe3 Rxd5 45.Rxe7+ Kh6 46.Re6 Qd8 47.Kh2 Rd3 
48.Qc5 Rd2 49.Qxf5 Rxf2+ 50.Kg1 Qd1+ 51.Kxf2 Qd2+ 52.Kf3 Qd1+ 53.Kf2 Qd2+ 
54.Kf3 Qd1+ 55.Ke3 Qc1+ 56.Ke2 Qxb2+ 57.Kd1 Qa1+ 58.Kd2 Qxa2+ 59.Ke3 Qb3+ 
60.Kf2 Qb2+ 61.Kg3 h4+ 62.Kf3 Qc3+ 63.Ke2 Qb2+ 64.Kd1 Qd4+ 65.Kc1 Qc4+ 66.
Kb2 Qb4+ 67.Kc1 Qc4+ 68.Kb2 Qb4+ 1/2-1/2

[Event "7th EUR-ch"]
[Site "Kusadasi TUR"]
[Date "2006.04.12"]
[Round "8.25"]
[White "Zelcic, Robert"]
[Black "Mastrovasilis, Dimitrios"]
[Result "1/2-1/2"]
[WhiteElo "2525"]
[BlackElo "2577"]
[EventDate "2006.04.04"]
[PlyCount "104"]

1.e4 e5 2.Nf3 Nc6 3.d4 exd4 4.Nxd4 Nf6 5.Nxc6 bxc6 6.e5 Qe7 7.Qe2 Nd5 8.c4
Nb6 9.Nc3 a5 10.Bd2 Ba6 11.b3 Qe6 12.Qe3 g6 13.Bd3 Bg7 14.O-O O-O 15.Rae1 
d5 16.cxd5 Nxd5 17.Nxd5 cxd5 18.Bxa6 Rxa6 19.Qd4 Rc8 20.f4 c5 21.Qf2 a4 
22.b4 cxb4 23.Bxb4 Rac6 24.a3 Rc2 25.Re2 Qf5 26.Rxc2 Rxc2 27.Qf3 Qe6 28.
Rd1 Bf8 29.Bxf8 Kxf8 30.h3 Qb6+ 31.Kh2 d4 32.f5 gxf5 33.Qxf5 Qc6 34.Qg5 
Qe4 35.e6 Qxe6 36.Rxd4 Rc8 37.Qg3 Qc6 38.Rg4 Qc7 39.Rg8+ Ke7 40.Rxc8 Qxc8 
41.Qh4+ Kf8 42.Qb4+ Kg8 43.Qxa4 Qb8+ 44.Kg1 Qb6+ 45.Kf1 Qf6+ 46.Ke2 Qe5+ 
47.Kf3 Qc3+ 48.Ke2 Qe5+ 49.Kd3 Qg3+ 50.Kc4 Qf4+ 51.Kb5 Qb8+ 52.Kc5 Qe5+ 
1/2-1/2

[Event "7th EUR-ch"]
[Site "Kusadasi TUR"]
[Date "2006.04.12"]
[Round "8.26"]
[White "Postny, Evgeny"]
[Black "Chuchelov, Vladimir"]
[Result "1-0"]
[WhiteElo "2572"]
[BlackElo "2538"]
[EventDate "2006.04.04"]
[PlyCount "65"]

1.e4 c5 2.Nf3 Nc6 3.d4 cxd4 4.Nxd4 Nf6 5.Nc3 e5 6.Ndb5 d6 7.Bg5 a6 8.Na3 
b5 9.Nd5 Be7 10.Bxf6 Bxf6 11.c3 Bg5 12.Nc2 O-O 13.a4 bxa4 14.Rxa4 a5 15.
Bc4 Rb8 16.Ra2 Kh8 17.Nce3 Bh6 18.O-O g6 19.Kh1 f5 20.exf5 gxf5 21.f4 exf4
22.Nxf4 Ne5 23.b3 Ng6 24.Ned5 Ne5 25.Qh5 Bg7 26.Re1 Qe8 27.Qh4 Qf7 28.Rxe5
Bxe5 29.Ne7 d5 30.Neg6+ Kg7 31.Nxe5 Qe8 32.Nh5+ Kh8 33.Nf6 1-0

[Event "7th EUR-ch"]
[Site "Kusadasi TUR"]
[Date "2006.04.12"]
[Round "8.27"]
[White "Romanov, Evgeny"]
[Black "Sedlak, Nikola"]
[Result "1/2-1/2"]
[WhiteElo "2480"]
[BlackElo "2564"]
[EventDate "2006.04.04"]
[PlyCount "92"]

1.e4 c5 2.Ne2 d6 3.g3 b5 4.Bg2 Bb7 5.d4 Nd7 6.O-O Ngf6 7.d5 g6 8.a4 b4 9.
b3 Bg7 10.Bb2 O-O 11.Nd2 Qc7 12.Re1 Rfe8 13.Nf4 Ne5 14.Nd3 Nxd3 15.cxd3 e6
16.dxe6 Rxe6 17.Qc2 Rae8 18.Rac1 Qb8 19.Rf1 Ba6 20.Qb1 Qb6 21.Nc4 Bxc4 22.
Rxc4 Nh5 23.Bxg7 Nxg7 24.Qc1 R6e7 25.Bh3 a5 26.Rd1 Re5 27.Bg2 R5e7 28.d4 
Ne6 29.dxc5 dxc5 30.Rd5 Rd8 31.Qe3 Red7 32.h4 Rxd5 33.exd5 Nd4 34.h5 Qd6 
35.Rc1 Qf8 36.hxg6 hxg6 37.Bf1 Re8 38.Qd3 Qd6 39.Qc4 Re3 40.Qxc5 Rxg3+ 41.
Kh1 Nf3 42.fxg3 Qxg3 43.Rc2 Qh4+ 44.Kg2 Ne1+ 45.Kg1 Nf3+ 46.Kg2 Ne1+ 
1/2-1/2

[Event "7th EUR-ch"]
[Site "Kusadasi TUR"]
[Date "2006.04.12"]
[Round "8.29"]
[White "Winants, Luc"]
[Black "Moiseenko, Olexandr"]
[Result "1/2-1/2"]
[WhiteElo "2530"]
[BlackElo "2662"]
[EventDate "2006.04.04"]
[PlyCount "53"]

1.d4 Nf6 2.c4 e6 3.Nc3 Bb4 4.e3 O-O 5.Ne2 d5 6.cxd5 exd5 7.g3 Re8 8.Bg2 
Bf8 9.O-O c6 10.a3 a5 11.Qc2 Na6 12.Bd2 Nc7 13.Rad1 Bg4 14.f3 Bh5 15.Nf4 
Bg6 16.Nxg6 hxg6 17.Kh1 c5 18.dxc5 Bxc5 19.e4 Ne6 20.Nxd5 Nxd5 21.exd5 
Qxd5 22.f4 Qh5 23.Bc3 Rad8 24.Bf3 Qh3 25.Bg2 Qh5 26.Bf3 Qh3 27.Bg2 1/2-1/2

[Event "7th EUR-ch"]
[Site "Kusadasi TUR"]
[Date "2006.04.12"]
[Round "8.30"]
[White "Jankovic, Alojzije"]
[Black "Gashimov, Vugar"]
[Result "1/2-1/2"]
[WhiteElo "2516"]
[BlackElo "2659"]
[EventDate "2006.04.04"]
[PlyCount "74"]

1.d4 Nf6 2.c4 e6 3.Nf3 c5 4.d5 d6 5.Nc3 exd5 6.cxd5 a6 7.a4 g6 8.Nd2 Nbd7 
9.e4 Bg7 10.Nc4 Nb6 11.Ne3 Bd7 12.Bd3 O-O 13.O-O Re8 14.Bd2 c4 15.Bc2 Qc7 
16.Qe2 a5 17.f4 Qc5 18.Kh1 Re7 19.Qf3 Rae8 20.Be1 Bf5 21.Nxf5 gxf5 22.Bf2 
Qb4 23.exf5 Qxb2 24.Ra2 Qb4 25.g4 Nfd7 26.f6 Bxf6 27.Ne4 c3 28.g5 Rxe4 29.
gxf6 Nxf6 30.Rg1+ Kf8 31.Bxe4 Nxe4 32.Bh4 Nd2 33.Qg3 Qe4+ 34.Rg2 Qb1+ 35.
Rg1 Qg6 36.Qxc3 Qe4+ 37.Rg2 Qb1+ 1/2-1/2

[Event "7th EUR-ch"]
[Site "Kusadasi TUR"]
[Date "2006.04.12"]
[Round "8.32"]
[White "Pashikian, Arman"]
[Black "Sakaev, Konstantin"]
[Result "0-1"]
[WhiteElo "2475"]
[BlackElo "2637"]
[EventDate "2006.04.04"]
[PlyCount "72"]

1.e4 c5 2.Nc3 d6 3.Nge2 Nf6 4.d4 cxd4 5.Nxd4 a6 6.Be3 e6 7.Be2 Be7 8.O-O 
Qc7 9.a4 b6 10.f4 Bb7 11.Bf3 Nbd7 12.Qe1 O-O 13.Qg3 Nc5 14.f5 e5 15.Nb3 
Ncd7 16.Bh6 Ne8 17.Be3 Rc8 18.Qf2 Nef6 19.Nd2 b5 20.axb5 axb5 21.Ra7 b4 
22.Nb5 Qb8 23.c4 Nc5 24.g4 Rfe8 25.g5 Nfxe4 26.Rxb7 Qxb7 27.Bxc5 d5 28.
Nxe4 dxe4 29.Bxe7 exf3 30.f6 Rxc4 31.Nd6 Rg4+ 32.Kh1 Qc6 33.Nxe8 e4 34.
Nxg7 e3 35.Rd1 h5 36.Ne6 fxe6 0-1

[Event "7th EUR-ch"]
[Site "Kusadasi TUR"]
[Date "2006.04.12"]
[Round "8.33"]
[White "Sulskis, Sarunas"]
[Black "Fedorov, Alexei"]
[Result "1/2-1/2"]
[WhiteElo "2497"]
[BlackElo "2614"]
[EventDate "2006.04.04"]
[PlyCount "126"]

1.e4 c5 2.Nf3 d6 3.d4 cxd4 4.Nxd4 Nf6 5.Nc3 g6 6.Be3 Bg7 7.f3 a6 8.g4 b5 
9.h4 h5 10.g5 Nfd7 11.a4 bxa4 12.Nxa4 O-O 13.Nc3 Bb7 14.Be2 Nb6 15.O-O 
N8d7 16.Nb3 Qc7 17.Na5 Rfb8 18.Nxb7 Qxb7 19.f4 Rc8 20.e5 d5 21.f5 Bxe5 22.
fxg6 fxg6 23.Ra3 Kg7 24.Bf3 e6 25.Ne2 Nc5 26.Bxc5 Rxc5 27.Nf4 Bxf4 28.Qd4+
e5 29.Qxc5 Rc8 30.Qd6 Rxc2 31.Rc3 Rxc3 32.bxc3 Nc4 33.Qf6+ Kh7 34.Be2 Nd2 
35.Bd3 Be3+ 36.Kg2 d4+ 37.Kh3 e4 38.Qe6 Nxf1 39.Bxf1 d3 40.Bg2 d2 41.Bxe4 
Qg7 42.Bf3 Bf2 43.Qd6 d1=Q 44.Bxd1 Qxc3+ 45.Kg2 Bxh4 46.Qf4 Be1 47.Qf7+ 
Qg7 48.Qe6 Qb2+ 49.Be2 a5 50.Kf1 Bh4 51.Qf7+ Qg7 52.Qf4 Qa1+ 53.Kg2 Qb2 
54.Qc7+ Qg7 55.Qxa5 Qb7+ 56.Kg1 Qe7 57.Bxh5 Qe3+ 58.Kg2 Qg3+ 59.Kh1 Qh3+ 
60.Kg1 gxh5 61.Qc7+ Kg6 62.Qd6+ Kxg5 63.Qf6+ Kxf6 1/2-1/2

[Event "7th EUR-ch"]
[Site "Kusadasi TUR"]
[Date "2006.04.12"]
[Round "8.35"]
[White "Kacheishvili, Giorgi"]
[Black "Perez Candelario, Manuel"]
[Result "1/2-1/2"]
[WhiteElo "2605"]
[BlackElo "2511"]
[EventDate "2006.04.04"]
[PlyCount "36"]

1.c4 e6 2.Nf3 d5 3.d4 Nf6 4.e3 a6 5.a3 dxc4 6.Bxc4 c5 7.O-O b5 8.Bd3 cxd4 
9.exd4 Be7 10.Nc3 Bb7 11.Re1 O-O 12.Bc2 Re8 13.Qd3 b4 14.Na4 bxa3 15.bxa3 
Nbd7 16.Rb1 Qc7 17.Bf4 Qxf4 18.Rxb7 Qd6 1/2-1/2

[Event "7th EUR-ch"]
[Site "Kusadasi TUR"]
[Date "2006.04.12"]
[Round "8.36"]
[White "Kovacevic, Blazimir"]
[Black "Iordachescu, Viorel"]
[Result "0-1"]
[WhiteElo "2468"]
[BlackElo "2601"]
[EventDate "2006.04.04"]
[PlyCount "38"]

1.d4 Nf6 2.c4 g6 3.Nc3 d5 4.Bg5 Ne4 5.Bh4 Nxc3 6.bxc3 dxc4 7.e3 Be6 8.Rb1 
b6 9.Nf3 Bg7 10.Nd2 O-O 11.Qf3 Bd5 12.e4 Bb7 13.Bxc4 c5 14.d5 Nd7 15.Qe3 
Ne5 16.Be2 f5 17.f4 Nf7 18.exf5 gxf5 19.Bxe7 Re8 0-1

[Event "7th EUR-ch"]
[Site "Kusadasi TUR"]
[Date "2006.04.12"]
[Round "8.37"]
[White "David, Alberto"]
[Black "Narciso Dublan, Marc"]
[Result "1-0"]
[WhiteElo "2580"]
[BlackElo "2510"]
[EventDate "2006.04.04"]
[PlyCount "81"]

1.d4 d5 2.c4 c6 3.Nf3 Nf6 4.Nc3 a6 5.c5 Nbd7 6.Bf4 g6 7.e3 Bg7 8.Bd3 Nh5 
9.h4 b6 10.cxb6 Nxf4 11.exf4 Qxb6 12.O-O Bxd4 13.Na4 Qa7 14.Rc1 Bb7 15.h5 
Bf6 16.Re1 e6 17.Qd2 a5 18.b3 Rb8 19.f5 gxf5 20.Bxf5 Ke7 21.Qf4 Rbf8 22.b4
Qb8 23.Qd2 Qd6 24.Nc5 Nxc5 25.bxc5 Qc7 26.Rb1 Bc8 27.Nd4 Kd8 28.Rb6 Bxd4 
29.Qxd4 h6 30.Bc2 f6 31.Ba4 Bd7 32.Qb2 Rhg8 33.Rb7 Qf4 34.Bxc6 Rxg2+ 35.
Kxg2 Qg4+ 36.Kf1 Qh3+ 37.Ke2 Qg4+ 38.Kd2 Qf4+ 39.Kd1 Qg4+ 40.Re2 Qg1+ 41.
Kc2 1-0

[Event "7th EUR-ch"]
[Site "Kusadasi TUR"]
[Date "2006.04.12"]
[Round "8.39"]
[White "Weiss, Christian"]
[Black "Petrosian, Tigran L."]
[Result "0-1"]
[WhiteElo "2437"]
[BlackElo "2571"]
[EventDate "2006.04.04"]
[PlyCount "80"]

1.d4 Nf6 2.c4 e6 3.Nf3 c5 4.d5 b5 5.dxe6 fxe6 6.cxb5 d5 7.e3 Bd6 8.Nbd2 
O-O 9.Qc2 Bb7 10.Bd3 c4 11.Be2 a6 12.e4 Nxe4 13.Nxe4 dxe4 14.Ng5 Bb4+ 15.
Bd2 Qf6 16.O-O Bxd2 17.Qxd2 axb5 18.f3 Nc6 19.Nxe4 Qd4+ 20.Rf2 Rfd8 21.Qc3
Qxc3 22.Nxc3 Nd4 23.Bf1 b4 24.Ne2 Nc2 25.Rc1 Ne3 26.Ng3 Rxa2 27.Bxc4 Nxc4 
28.Rxc4 Rd1+ 29.Rf1 Rxf1+ 30.Nxf1 Ra1 31.Rc2 Ba6 32.Rf2 b3 33.g4 Rb1 34.
Kg2 Bxf1+ 35.Rxf1 Rxb2+ 36.Kg3 Rc2 37.Ra1 Rc8 38.Rb1 Rb8 39.Rb2 Kf7 40.f4 
Ke7 0-1

[Event "7th EUR-ch"]
[Site "Kusadasi TUR"]
[Date "2006.04.12"]
[Round "8.40"]
[White "Mchedlishvili, Mikheil"]
[Black "Aroshidze, Levan"]
[Result "1/2-1/2"]
[WhiteElo "2567"]
[BlackElo "2498"]
[EventDate "2006.04.04"]
[PlyCount "35"]

1.d4 Nf6 2.c4 e6 3.Nc3 Bb4 4.Qc2 O-O 5.Bg5 c5 6.dxc5 h6 7.Bf4 Bxc5 8.Nf3 
Nc6 9.Rd1 b6 10.e3 Nh5 11.Bd6 Bxd6 12.Rxd6 Qe7 13.Rd2 Bb7 14.Be2 Rac8 15.
O-O Nf6 16.b3 d5 17.cxd5 Nb4 18.Qb2 1/2-1/2

[Event "7th EUR-ch"]
[Site "Kusadasi TUR"]
[Date "2006.04.12"]
[Round "8.45"]
[White "Manca, Federico"]
[Black "Berg, Emanuel"]
[Result "1/2-1/2"]
[WhiteElo "2417"]
[BlackElo "2539"]
[EventDate "2006.04.04"]
[PlyCount "72"]

1.e4 e6 2.d4 d5 3.Nc3 Bb4 4.e5 c5 5.a3 Bxc3+ 6.bxc3 Ne7 7.Qg4 O-O 8.Bd3 
Nbc6 9.Qh5 Ng6 10.Nf3 Qc7 11.Be3 Nce7 12.O-O c4 13.Be2 f5 14.Nh4 f4 15.Bd2
Nxh4 16.Qxh4 f3 17.Bxf3 Rxf3 18.gxf3 Nf5 19.Qh3 Bd7 20.Kh1 Ba4 21.Rac1 Rf8
22.Rg1 Rf7 23.Rg5 Qe7 24.Rh5 h6 25.Rg1 Kf8 26.Bg5 Qd7 27.Bxh6 Nxh6 28.Rxh6
gxh6 29.Qxh6+ Ke7 30.Qh4+ Ke8 31.Rg8+ Rf8 32.Rxf8+ Kxf8 33.Qh8+ Ke7 34.
Qf6+ Ke8 35.Qh8+ Kf7 36.Qh7+ Ke8 1/2-1/2

[Event "7th EUR-ch"]
[Site "Kusadasi TUR"]
[Date "2006.04.12"]
[Round "8.47"]
[White "Lopez Martinez, Josep Manuel"]
[Black "Galego, Luis"]
[Result "0-1"]
[WhiteElo "2481"]
[BlackElo "2543"]
[EventDate "2006.04.04"]
[PlyCount "121"]

1.e4 c5 2.Nf3 d6 3.d4 cxd4 4.Nxd4 Nf6 5.Nc3 a6 6.Be3 e5 7.Nb3 Be6 8.f3 
Nbd7 9.Qd2 h5 10.O-O-O Rc8 11.Kb1 b5 12.Nd5 Nxd5 13.exd5 Bf5 14.Bd3 Bxd3 
15.cxd3 Be7 16.Na5 Nf6 17.d4 Qd7 18.dxe5 dxe5 19.Rhe1 O-O 20.Nc6 Bd6 21.
Rc1 Rfe8 22.Bg5 Qf5+ 23.Ka1 Nh7 24.Bh4 Nf8 25.Bg3 Nd7 26.Re3 Nb6 27.Qd1 f6
28.Bf2 Nd7 29.Qe2 Qg6 30.g3 f5 31.a4 Ra8 32.Qc2 Nf6 33.Rd1 e4 34.fxe4 Nxe4
35.Red3 bxa4 36.Bd4 Qf7 37.Qxa4 Qxd5 38.Be5 Qb5 39.Qa2+ Kh7 40.Bxd6 Qxc6 
41.Qf7 Nf6 42.Ba3 Qe6 43.Qb7 Rab8 44.Qf3 Qe4 45.Qf1 Rb5 46.Rd6 Qc2 47.Rxa6
Re2 48.Rc1 Qd2 49.Rd1 Qe3 50.Rc6 Ra5 51.Rc3 Qe5 52.Qf3 Rxh2 53.Qb7 Ne4 54.
Rf3 Rb5 55.Qe7 Qxe7 56.Bxe7 Rbxb2 57.Ra3 Rb7 58.Bf8 Nd2 59.Ra8 Nb3+ 60.Kb1
Nd4+ 61.Kc1 0-1

[Event "7th EUR-ch"]
[Site "Kusadasi TUR"]
[Date "2006.04.12"]
[Round "8.50"]
[White "Atakisi, Umut"]
[Black "Kosintseva, Tatiana"]
[Result "0-1"]
[WhiteElo "2419"]
[BlackElo "2489"]
[EventDate "2006.04.04"]
[PlyCount "66"]

1.d4 Nf6 2.Nf3 e6 3.Bf4 c5 4.e3 d5 5.c3 Nc6 6.Nbd2 Bd6 7.Bg3 O-O 8.Ne5 Qe7
9.f4 Nd7 10.Bd3 f6 11.Bxh7+ Kxh7 12.Qh5+ Kg8 13.Ng6 Qe8 14.Nf3 Ne7 15.f5 
exf5 16.Nfh4 Nxg6 17.Nxg6 Qxe3+ 18.Kd1 f4 19.Qxd5+ Rf7 20.Qh5 Re7 21.Nxe7+
Bxe7 22.Re1 Qd3+ 23.Kc1 Ne5 24.dxe5 Bf5 25.Qe2 Qxe2 26.Rxe2 fxg3 27.hxg3 
Rd8 28.b3 Bg4 29.Re1 fxe5 30.Rxe5 Bf6 31.Rxc5 Rd1+ 32.Kb2 Rd2+ 33.Kb1 b6 
0-1

[Event "7th EUR-ch"]
[Site "Kusadasi TUR"]
[Date "2006.04.12"]
[Round "8.51"]
[White "Guliev, Sarhan"]
[Black "Saric, Ivan"]
[Result "1-0"]
[WhiteElo "2484"]
[BlackElo "2393"]
[EventDate "2006.04.04"]
[PlyCount "134"]

1.e4 c5 2.Nf3 Nc6 3.d4 cxd4 4.Nxd4 Nf6 5.Nc3 e5 6.Ndb5 d6 7.Bg5 a6 8.Na3 
b5 9.Bxf6 gxf6 10.Nd5 Bg7 11.c3 f5 12.exf5 Bxf5 13.Nc2 Be6 14.Nce3 Ne7 15.
g3 Nxd5 16.Nxd5 O-O 17.Bg2 f5 18.O-O a5 19.a4 Rb8 20.Qd2 Kh8 21.Rfd1 e4 
22.axb5 Rxb5 23.c4 Rxb2 24.Qxa5 Qb8 25.Ra3 Rc8 26.Bf1 Be5 27.Qa7 Qxa7 28.
Rxa7 f4 29.Ne7 Bg4 30.gxf4 Bxd1 31.fxe5 Rf8 32.Ra1 Rd2 33.exd6 Rxd6 34.Bg2
Bf3 35.Bxf3 exf3 36.Nd5 Rg6+ 37.Kh1 Rg2 38.Rf1 Rg5 39.Ne3 Rh5 40.Rc1 Rf6 
41.Nf1 Ra5 42.Ng3 h5 43.h3 Re5 44.c5 Rc6 45.h4 Rcxc5 46.Rxc5 Rxc5 47.Kh2 
Kg7 48.Nf1 Rc4 49.Kg3 Rg4+ 50.Kxf3 Rxh4 51.Kg3 Rg4+ 52.Kh3 Kg6 53.Ne3 Rd4 
54.Ng2 Kg5 55.Kg3 h4+ 56.Kh2 Rd2 57.Kh3 Rd1 58.Ne3 Rd3 59.Kh2 Rd2 60.Kg2 
Kf4 61.Nf1 Rd8 62.Nh2 Rd2 63.Nf1 Rd6 64.Nh2 Rd3 65.Nf1 h3+ 66.Kh1 Kf3 67.
Ng3 Kxf2 1-0

[Event "7th EUR-ch"]
[Site "Kusadasi TUR"]
[Date "2006.04.12"]
[Round "8.52"]
[White "Iljushin, Alexei"]
[Black "Logothetis, Sotirios"]
[Result "1-0"]
[WhiteElo "2483"]
[BlackElo "2298"]
[EventDate "2006.04.04"]
[PlyCount "61"]

1.d4 Nf6 2.c4 g6 3.Nc3 Bg7 4.Nf3 O-O 5.g3 d6 6.Bg2 Nbd7 7.O-O e5 8.e4 a6 
9.Rb1 b5 10.cxb5 axb5 11.a3 c6 12.dxe5 dxe5 13.Be3 Qe7 14.Qb3 Ne8 15.Rfd1 
Nc7 16.Rbc1 Ne6 17.Na2 Bb7 18.Bh3 h6 19.Nb4 Rac8 20.Nh4 Kh7 21.Bxe6 fxe6 
22.Nd3 Rf7 23.Nc5 Nxc5 24.Bxc5 Qf6 25.Rc3 Bf8 26.Rf3 Qg7 27.Qxe6 Rxf3 28.
Nxf3 Rc7 29.Bxf8 Qxf8 30.Nxe5 Qg7 31.Nd7 1-0

[Event "7th EUR-ch"]
[Site "Kusadasi TUR"]
[Date "2006.04.12"]
[Round "8.53"]
[White "Agrest, Evgenij"]
[Black "Seeman, Tarvo"]
[Result "0-1"]
[WhiteElo "2570"]
[BlackElo "2412"]
[EventDate "2006.04.04"]
[PlyCount "105"]

1.d4 d5 2.c4 e6 3.Nf3 Nf6 4.g3 Bb4+ 5.Nbd2 Nc6 6.Bg2 dxc4 7.Qc2 O-O 8.Qxc4
Qd5 9.O-O Bxd2 10.Qxd5 exd5 11.Bxd2 Bg4 12.Rfc1 Rac8 13.e3 Ne4 14.Be1 Bxf3
15.Bxf3 f5 16.Bd1 Nd8 17.f3 Nf6 18.Bc2 g6 19.Bd3 Re8 20.Kf2 Nf7 21.b4 Nd6 
22.b5 c6 23.bxc6 b5 24.a4 a6 25.axb5 axb5 26.Ra5 Nc4 27.Rxb5 Rxc6 28.Bxc4 
Rxc4 29.Rxc4 dxc4 30.Rc5 Ra8 31.Bd2 Ra4 32.Ra5 Rxa5 33.Bxa5 Kf7 34.Bd8 c3 
35.Ke2 c2 36.Kd2 Nd5 37.Bg5 Nc3 38.Kxc2 Ne2 39.d5 Ng1 40.f4 Nf3 41.h4 Nh2 
42.Kd3 Ng4 43.h5 Ke8 44.Kd4 Kd7 45.e4 fxe4 46.Kxe4 Kd6 47.f5 gxf5+ 48.Kxf5
Nf2 49.Be3 Nd1 50.Bf4+ Kxd5 51.g4 Nc3 52.g5 Ne2 53.Be5 0-1

[Event "7th EUR-ch"]
[Site "Kusadasi TUR"]
[Date "2006.04.12"]
[Round "8.54"]
[White "Erturan, Yakup"]
[Black "Itkis, Boris"]
[Result "0-1"]
[WhiteElo "2353"]
[BlackElo "2490"]
[EventDate "2006.04.04"]
[PlyCount "72"]

1.e4 c5 2.Nf3 e6 3.d4 cxd4 4.Nxd4 a6 5.Bd3 Nf6 6.O-O d6 7.c4 Be7 8.Nc3 Qc7
9.Qe2 O-O 10.f4 Nbd7 11.Kh1 b6 12.Bd2 Bb7 13.Rae1 Rae8 14.e5 dxe5 15.fxe5 
Qxe5 16.Qxe5 Nxe5 17.Rxe5 Rd8 18.Nce2 Ng4 19.Rh5 g6 20.Rh3 Bc5 21.Nb3 Nf2+
22.Rxf2 Bxf2 23.Nc3 f5 24.Nd1 Bc5 25.Nxc5 bxc5 26.Bg5 Rd4 27.Nf2 e5 28.Be3
Rd7 29.Be2 f4 30.Bc1 g5 31.Kg1 Rd6 32.Rd3 Rd4 33.Rb3 Rf7 34.Ng4 Kg7 35.Rb6
Bc8 36.b3 Re4 0-1

[Event "7th EUR-ch"]
[Site "Kusadasi TUR"]
[Date "2006.04.12"]
[Round "8.56"]
[White "Vuilleumier, Alex"]
[Black "Saric, Ante"]
[Result "1-0"]
[WhiteElo "2354"]
[BlackElo "2474"]
[EventDate "2006.04.04"]
[PlyCount "113"]

1.e4 e5 2.Nf3 Nf6 3.Nxe5 d6 4.Nf3 Nxe4 5.Nc3 Nxc3 6.dxc3 Be7 7.Be3 Nc6 8.
Qd2 Ne5 9.Be2 O-O 10.h4 Ng4 11.O-O-O Re8 12.Bd3 Nxe3 13.Qxe3 Bf8 14.Qd2 h6
15.Rdg1 Qf6 16.Nd4 h5 17.f3 Bd7 18.g4 Qe5 19.gxh5 Qe3 20.Qxe3 Rxe3 21.Be4 
c5 22.Nb3 Re2 23.Kd1 Bb5 24.a4 Rxe4 25.fxe4 Bc6 26.Nd2 Re8 27.h6 f5 28.
exf5 Bxh1 29.f6 g6 30.h5 g5 31.Rxh1 Bxh6 32.Re1 Rxe1+ 33.Kxe1 d5 34.c4 
dxc4 35.Nxc4 Kf7 36.Ne5+ Kxf6 37.Ng4+ Kg7 38.Ke2 Kh7 39.Kd3 Bg7 40.b3 Kg8 
41.Ke4 Kf7 42.Kf5 c4 43.b4 Ke7 44.h6 Bc3 45.Ne5 Kd6 46.Nxc4+ Kc6 47.Ne5+ 
Kd5 48.Ng4 Bh8 49.Kxg5 Kc4 50.Kg6 Kxb4 51.Kh7 Bb2 52.Kg8 b5 53.a5 Kxa5 54.
h7 Kb4 55.Ne3 a5 56.c3+ Bxc3 57.Nd5+ 1-0